000 01961cam a2200529 a 4500
001 21417
003 VRT
005 20260302095953.0
008 240801q1999 xo af jr 0000j slo
015 _aSNBA1999/08-02883
020 _a8071465062
_q(viazané)
035 _aSNK000315383
035 _aurn:nbn:sk:snk-amkjcy
035 _aurn:nbn:sk:snk-am003okt
035 _aEF599EB5-AFD6-41A7-8ECD-E1BB60D0D00E
039 9 _a202409131153
_bmsnk160
_c202409131152
_dmsnk160
_c202409131152
_dmsnk160
_c202409131147
_dmsnk160
040 _aSNK
_bslo
_cSNK
_eAACR2
041 1 _aslo
_heng
044 _axo
_cSK
072 7 _a821.111-3
_xAnglická próza, anglicky písaná
_2konspekt
072 7 _a821-93
_xLiteratúra pre deti a mládež (beletria)
_2konspekt
080 _a821.111-34
_22011
080 _a82-34:808.1
_22011
080 _a(0.025.2)
_22011
080 _a82-93-053.4/.5
_22011
130 0 _aRead with me stories
_lSlovensky
245 0 0 _aOdvážna plavba
250 _aSlovenské vyd.
260 _aBratislava
_bJunior
_c[1999]
300 _a90 strán
_bfarebné ilustrácie
_c23 cm
490 1 _aUčím sa čítať. Veľké písmená
500 _aIlustrácie na titulnej strane a predsádkach
500 _aV knihe neuvedený rok vydania. Pravdepodobný rok vydania: 1999
500 _aZ anglického originálu preložila Katarína Bukovenová
655 7 _aautorské rozprávky
_2SNKPH
655 7 _aanglické rozprávky
_2SNKPH
655 7 _ailustrované publikácie
_2SNKPH
655 7 _aliteratúra pre deti a mládež
_2SNKPH
700 1 _aBukovenová, Katarína
_4trl
830 0 _aUčím sa čítať
_pVeľké písmená
942 _2ddc
_cKLDE
_n0
949 _6273K0220775
_asvkpoB 67346
_bsvkpo435062
949 _617A0191918
_asnkSC 98569
_bsnkKSP 5006/99
_s6100:20140925
949 _617A0191919
_asnkSC 98569 D1
_bsnkKSP 5007/99
999 _c21417
_d21417